000 005310000a22001810004500
003 MACL
005 20160610152719.0
008 160610b xxu||||| |||| 00| 0 eng d
040 _aMACL
_cMACL
041 _aHindi
082 _a891.433
100 _aभटटाचार्य, निमाई
_959544
245 _aनचनी
_cनिमाई भटटाचार्य
260 _bअनुपम प्रकाशन
_c1988
_aपटना
350 _a18
650 _aNovel
_963926
942 _cHIN
_k891.431
_2ddc
999 _c29202
_d29202